Bioremediation of industrialwastes of oil refineries as an environmental solution for pollution of ismailia canal / (رقم التسجيلة. 34889)
[ عرض عادي ]
| 000 -LEADER | |
|---|---|
| fixed length control field | 019780000a22003250004500 |
| 003 - CONTROL NUMBER IDENTIFIER | |
| control field | EG-GICUC |
| 005 - DATE AND TIME OF LATEST TRANSACTION | |
| control field | 20250223030439.0 |
| 008 - FIXED-LENGTH DATA ELEMENTS--GENERAL INFORMATION | |
| fixed length control field | 060917s2006 ua a f m 000 0 eng d |
| 040 ## - CATALOGING SOURCE | |
| Original cataloging agency | EG-GICUC |
| Language of cataloging | eng |
| Transcribing agency | EG-GICUC |
| 041 0# - LANGUAGE CODE | |
| Language code of text/sound track or separate title | Eng |
| 049 ## - LOCAL HOLDINGS (OCLC) | |
| Holding library | Deposite |
| 097 ## - Thesis Degree | |
| Thesis Level | M.Sc |
| 099 ## - LOCAL FREE-TEXT CALL NUMBER (OCLC) | |
| Classification number | Cai01.13.05.M.Sc.2006.Ta.B. |
| 100 0# - MAIN ENTRY--PERSONAL NAME | |
| Personal name | Tamer Raafat Mohamed Youssef |
| 245 10 - TITLE STATEMENT | |
| Title | Bioremediation of industrialwastes of oil refineries as an environmental solution for pollution of ismailia canal / |
| Statement of responsibility, etc. | Tamer Raafat Mohamed Youssef ; Supervised Ezzat AbelShafi Hassaneen , Mohamed Kamel |
| 246 15 - VARYING FORM OF TITLE | |
| Title proper/short title | المعالجة البيولوجية للمخلفات الصناعية لمعامل تكرير البترول كحل بيئى لتلوث ترعة الاسماعيلية |
| 260 ## - PUBLICATION, DISTRIBUTION, ETC. | |
| Place of publication, distribution, etc. | Cairo : |
| Name of publisher, distributor, etc. | Tamer Raafat Mohamed Youssef , |
| Date of publication, distribution, etc. | 2006 |
| 300 ## - PHYSICAL DESCRIPTION | |
| Extent | 128p : |
| Other physical details | ill ; |
| Dimensions | 30cm |
| 502 ## - DISSERTATION NOTE | |
| Dissertation note | Thesis (M.Sc.) - Cairo University - Faculty Of Engineering - Department Of Civil Engineering |
| 520 ## - SUMMARY, ETC. | |
| Summary, etc. | By the beginning of fifties , heavy industries were born in Egypt along the Nile Delta and in Cairo and Alexandria metropolitan areasIsmailia Canal - like other parts of the Nile River - suffers from serious environmental problems due to the presence of a number of industries along its side in Mustord ; mainly oil industriesIn this research Cairo Oil Refining Company (CORC) was taken as an example of these industriesFor treatment of wastes resulting from the refining processes , mechanical treatment is used employing API separators followed by physico - chemical treatment using Dissolved Air Floatation (DAF) aided with ferric chloride (Fecl3) s a flocculant |
| 530 ## - ADDITIONAL PHYSICAL FORM AVAILABLE NOTE | |
| Additional physical form available note | Issued also as CD |
| 653 #4 - INDEX TERM--UNCONTROLLED | |
| Uncontrolled term | Bioremdiation |
| 653 #4 - INDEX TERM--UNCONTROLLED | |
| Uncontrolled term | Industralwastes |
| 700 0# - ADDED ENTRY--PERSONAL NAME | |
| Personal name | Ezzat AbelShafi Hassaneen , |
| Relator term | |
| 700 0# - ADDED ENTRY--PERSONAL NAME | |
| Personal name | Mohamed Kamel , |
| Relator term | |
| 856 ## - ELECTRONIC LOCATION AND ACCESS | |
| Uniform Resource Identifier | <a href="http://172.23.153.220/th.pdf">http://172.23.153.220/th.pdf</a> |
| 905 ## - LOCAL DATA ELEMENT E, LDE (RLIN) | |
| Cataloger | Aml |
| Reviser | Cataloger |
| 905 ## - LOCAL DATA ELEMENT E, LDE (RLIN) | |
| Cataloger | Esam |
| Reviser | Revisor |
| 942 ## - ADDED ENTRY ELEMENTS (KOHA) | |
| Source of classification or shelving scheme | Dewey Decimal Classification |
| Koha item type | Thesis |
| Source of classification or shelving scheme | Not for loan | Home library | Current library | Date acquired | Full call number | Barcode | Date last seen | Koha item type |
|---|---|---|---|---|---|---|---|---|
| Dewey Decimal Classification | المكتبة المركزبة الجديدة - جامعة القاهرة | قاعة الرسائل الجامعية - الدور الاول | 11.02.2024 | Cai01.13.05.M.Sc.2006.Ta.B. | 01010110045259000 | 22.09.2023 | Thesis | |
| Dewey Decimal Classification | المكتبة المركزبة الجديدة - جامعة القاهرة | مخـــزن الرســائل الجـــامعية - البدروم | 11.02.2024 | Cai01.13.05.M.Sc.2006.Ta.B. | 01020110045259000 | 22.09.2023 | CD - Rom |